00695nam a22001577a 4500003000600000005001700006008004100023040000800064082001600072100002100088245004800109260004000157300002000197505027200217650004800489GBCCL20241126110557.0180501b ||||| |||| 00| 0 eng d cgbc a261.58bMCN aMcNeill, John T. aBooks of faith and power /cJohn T. McNeill aNew York:bHarper & Brothers,c1947 a183 p.;c20 cm. aOn Christian liberty / Martin Luther -- Institutes of the Christian religion / John Calvin -- The laws of ecclesiastical polity / Richard Hooker -- The pilgrim's progress / John Bunyan -- A serious call to a devout and holy life / William Law -- Journal / John Wesley aChristian literaturexHistory and criticism